01008cam a2200253 i 4500999001700000001000800017005001700025008004100042010001700083020004400100040001800144050002200162245011400184260005300298300002700351490003800378490002000416504003000436600005000466600006500516700002000581942003200601952012100633 c16454d16454413897020161110123221.0770824s1978 nju b 000 0 eng  a 77014483  a0135161959 :c$7.95.a0135161878c$2.95 aDLCcDLCdDLC00aPR2819 b.T9 197800aTwentieth century interpretations of King Lear :ba collection of critical essays /cedited by Janet Adelman. aEnglewood Cliffs, N.J. :bPrentice-Hall,cc1978. aviii, 134 p. ;c20 cm.0 aTwentieth century interpretations0 aA Spectrum book aBibliography: p. 132-134.10aShakespeare, William,d1564-1616.tKing Lear.00aLear,cKing of England (Legendary character)xIn literature.1 aAdelman, Janet. 2lcccBOOKShPR2819 .T9 1978 00102lcc4070aMUCbMUCcTECHd2016-11-10eDonation(BFA)l0oPR2819 .T9 1978p27885r2018-07-11w2016-11-10yBOOKS